000 00404nam a2200157Ia 4500
008 210716s2012 xx 000 0 und d
020 _a9780198074120
041 _aeng
082 _a659.1 JETJ
100 _aJethwaney, Jaishri; Jain, Shruti.
245 _aAdvertising management.
250 _a2
260 _aNew Delhi
_bOxford University Press
_c2012
300 _axxi,651
650 _aAdvertising
999 _c208053
_d208053